Between silence and light : (Record no. 352925)

000 -LEADER
fixed length control field 01113 a2200289 4500
003 - CONTROL NUMBER IDENTIFIER
control field OSt
005 - DATE AND TIME OF LATEST TRANSACTION
control field 20260129105501.0
008 - FIXED-LENGTH DATA ELEMENTS--GENERAL INFORMATION
fixed length control field 120601t xxu||||| |||| 00| 0 eng d
010 ## - LIBRARY OF CONGRESS CONTROL NUMBER
LC control number 2008301348
020 ## - INTERNATIONAL STANDARD BOOK NUMBER
International Standard Book Number 9781590306048
020 ## - INTERNATIONAL STANDARD BOOK NUMBER
International Standard Book Number 159030604X
035 ## - SYSTEM CONTROL NUMBER
System control number (OCoLC)ocn269358671
040 ## - CATALOGING SOURCE
Transcribing agency 0
082 00 - DEWEY DECIMAL CLASSIFICATION NUMBER
Classification number 720.92
100 1# - MAIN ENTRY--PERSONAL NAME
Personal name Lobell, John.
9 (RLIN) 132968
245 10 - TITLE STATEMENT
Title Between silence and light :
Remainder of title spirit in the architecture of Louis I. Kahn /
Statement of responsibility, etc. John Lobell.
250 ## - EDITION STATEMENT
Edition statement 2008 ed.
260 ## - PUBLICATION, DISTRIBUTION, ETC.
Place of publication, distribution, etc. Boston :
Name of publisher, distributor, etc. Shambhala :
-- Distributed in the U.S. by Random House,
Date of publication, distribution, etc. 2008.
300 ## - PHYSICAL DESCRIPTION
Extent vi, 120 p. :
Other physical details ill. ;
Dimensions 26 cm.
600 10 - SUBJECT ADDED ENTRY--PERSONAL NAME
Personal name Kahn, Louis I.,
Dates associated with a name 1901-1974.
9 (RLIN) 34323
650 #0 - SUBJECT ADDED ENTRY--TOPICAL TERM
Topical term or geographic name entry element Architecture
General subdivision Philosophy.
9 (RLIN) 3569
700 1# - ADDED ENTRY--PERSONAL NAME
Personal name Kahn, Louis I.,
Dates associated with a name 1901-1974.
9 (RLIN) 34323
856 42 - ELECTRONIC LOCATION AND ACCESS
Materials specified Contributor biographical information
Uniform Resource Identifier <a href="http://www.loc.gov/catdir/enhancements/fy0905/2008301348-b.html">http://www.loc.gov/catdir/enhancements/fy0905/2008301348-b.html</a>
856 42 - ELECTRONIC LOCATION AND ACCESS
Materials specified Publisher description
Uniform Resource Identifier <a href="http://www.loc.gov/catdir/enhancements/fy0905/2008301348-d.html">http://www.loc.gov/catdir/enhancements/fy0905/2008301348-d.html</a>
942 ## - ADDED ENTRY ELEMENTS (KOHA)
Institution code [OBSOLETE] SADA
Koha item type Book
Call number prefix 720.92 LOB 2008
Source of classification or shelving scheme
Holdings
Withdrawn status Lost status Source of classification or shelving scheme Damaged status Not for loan Permanent Location Current Location Date acquired Total Checkouts Full call number Barcode Date last seen Date last checked out Cost, replacement price Price effective from Koha item type
          School of Art Design and Architecture (SADA) School of Art Design and Architecture (SADA) 05/20/2011 6 720.92 LOB 2008 SADA0001034 06/18/2012 06/15/2012 1340.00 08/05/2011 Book
© 2023 Central Library, National University of Sciences and Technology. All Rights Reserved.